|
|
|
|
| LEADER |
00766nas a2200181 i 4500 |
| 001 |
acta42382 |
| 005 |
20260224081030.0 |
| 008 |
170601s2011 hu o 000 hun d |
| 022 |
|
|
|a 1417-3875
|
| 040 |
|
|
|a SZTE Egyetemi Kiadványok Repozitórium
|b hun
|
| 041 |
|
|
|a hun
|
| 100 |
1 |
|
|a Wang Xuhuan
|
| 245 |
1 |
0 |
|a Existence of solutions for nonlinear impulsive higher order fractional differential equations
|h [elektronikus dokumentum] /
|c Wang Xuhuan
|
| 260 |
|
|
|c 2011
|
| 300 |
|
|
|a 1-12
|
| 490 |
0 |
|
|a Electronic journal of qualitative theory of differential equations
|
| 695 |
|
|
|a Nemlineáris frakcionális differenciálegyenlet, Impulzus, Kezdeti érték probléma, Fixpont-elmélet
|
| 856 |
4 |
0 |
|u http://acta.bibl.u-szeged.hu/42382/1/ejqtde_2011_080_001-012.pdf
|z Dokumentum-elérés
|